00364pab a2200109 454500008004000000100003600040245010800076260000900184300001500193650002000208773002600228180718b2014 xxu||||| |||| 00| 0 eng d aGould-Williams, Julian S. et al aCivic duty and employee outcomes: Do high commitment human resource practices and work overload matter? c2014 ap.937-953. aHuman resources aPublic Administration